[Event "GER-ch U25-B"]
[Site "Willingen"]
[Date "2017.06.09"]
[Round "8"]
[White "Strohschneider, Leon"]
[Black "Haase, Dominik"]
[Result "0-1"]
[WhiteElo "1349"]
[BlackElo "1438"]
[PlyCount "142"]
[EventDate "2017.06.04"]
[EventType "swiss"]
[EventRounds "9"]
[EventCountry "GER"]
[SourceTitle "CBM 178 Extra"]
[Source "ChessBase"]
[SourceDate "2017.06.22"]
[SourceVersion "1"]
[SourceVersionDate "2017.06.22"]
[SourceQuality "1"]

1. e4 e6 2. Nc3 d5 3. exd5 exd5 4. d4 Nc6 5. Nf3 Nf6 6. Bb5 Be6 7. 0-0 Bd6 8. h3 0-0 9. Re1 a6 10. Bd3 Nb4 11. Bg5 Nxd3 12. Qxd3 c6 13. Rab1 Kh8 14. Ne5 Be7 15. Qf3 Ng8 16. Bd2 Bd6 17. a3 Ne7 18. Re2 Nf5 19. Qd3 Qc7 20. Nf3 Rae8 21. Ree1 Bd7 22. Rxe8 Rxe8 23. Re1 Rxe1+ 24. Bxe1 f6 25. Bd2 Ne7 26. Be3 Bf5 27. Qe2 Ng6 28. Bc1 Qe7 29. Qd1 Kg8 30. Be3 Bc7 31. Qd2 b6 32. Qe2 Bc8 33. Qd3 Qe6 34. b3 Qf5 35. Qxf5 Bxf5 36. Ne1 Bd6 37. a4 Bb4 38. Bd2 Nf8 39. Nb1 Bd6 40. Bc3 Ne6 41. Nd2 Ng5 42. Kf1 Kf7 43. Ke2 Ke7 44. Ndf3 Ne4 45. Bb2 g5 46. g4 Bg6 47. Nd2 h5 48. Nxe4 Bxe4 49. f3 Bg6 50. Kd2 Ke6 51. Ng2 h4 52. Ba1 f5 53. Bb2 fxg4 54. fxg4 Be4 55. Ne1 Bg3 56. Nd3 Bg2 57. Nb4 Kd7 58. Nxa6 Bxh3 59. Ke3 Bxg4 60. Nb4 h3 61. Nd3 h2 62. Ne5+ Bxe5 63. dxe5 h1Q 64. Kd2 Qd1+ 65. Kc3 d4+ 66. Kb4 Qxc2 67. Ka3 d3 68. e6+ Bxe6 69. Ka2 Qxb3+ 70. Kb1 d2 71. a5 d1Q# 0-1

[Event "GER-ch U25-B"]
[Site "Willingen"]
[Date "2017.06.06"]
[Round "4"]
[White "Wagner, Margarethe"]
[Black "Haase, Dominik"]
[Result "1/2-1/2"]
[WhiteElo "1293"]
[BlackElo "1438"]
[PlyCount "84"]
[EventDate "2017.06.04"]
[EventType "swiss"]
[EventRounds "9"]
[EventCountry "GER"]
[SourceTitle "CBM 178 Extra"]
[Source "ChessBase"]
[SourceDate "2017.06.22"]
[SourceVersion "1"]
[SourceVersionDate "2017.06.22"]
[SourceQuality "1"]

1. e4 e6 2. d4 d5 3. e5 c5 4. c3 Nc6 5. Nf3 Qb6 6. Be2 Nge7 7. 0-0 cxd4 8. cxd4 Nf5 9. b3 Nfxd4 10. Nxd4 Qxd4 11. Qxd4 Nxd4 12. Bd3 Bd7 13. Be3 Nc6 14. f4 Nb4 15. Rd1 Rc8 16. Bxa7 Ra8 17. Be3 Rxa2 18. Rxa2 Nxa2 19. Nd2 Nb4 20. Be2 Be7 21. Rc1 Bc6 22. Nf3 h6 23. Nd4 Kd7 24. Kf2 Ra8 25. Kg3 Rc8 26. Kg4 g6 27. h4 h5+ 28. Kh3 b6 29. Nxc6 Nxc6 30. Bb5 Bb4 31. g3 Be7 32. Bxb6 f6 33. Be3 Ba3 34. Rc2 Be7 35. Kg2 f5 36. Kf2 Bf8 37. Ke2 Be7 38. Ba4 Bf8 39. Kd1 Be7 40. Kc1 Bf8 41. Kb1 Bb4 42. Bf2 Ba5 1/2-1/2

[Event "GER-ch U25-B"]
[Site "Willingen"]
[Date "2017.06.04"]
[Round "2"]
[White "Haase, Dominik"]
[Black "Abicht, Aruna Sophia"]
[Result "1-0"]
[WhiteElo "1438"]
[BlackElo "1281"]
[PlyCount "117"]
[EventDate "2017.06.04"]
[EventType "swiss"]
[EventRounds "9"]
[EventCountry "GER"]
[SourceTitle "CBM 178 Extra"]
[Source "ChessBase"]
[SourceDate "2017.06.22"]
[SourceVersion "1"]
[SourceVersionDate "2017.06.22"]
[SourceQuality "1"]

1. d4 Nf6 2. c4 g6 3. Nc3 Bg7 4. e4 d6 5. f3 0-0 6. Be3 e5 7. d5 Nh5 8. Bd3 Nf4 9. Qd2 Qg5 10. Bf1 Bh6 11. Kf2 Qh5 12. g3 Nh3+ 13. Bxh3 Bxe3+ 14. Qxe3 Bxh3 15. Nxh3 Qxh3 16. Rag1 f5 17. Qg5 fxe4 18. Nxe4 Qf5 19. Qxf5 Rxf5 20. Ke3 Nd7 21. h4 a5 22. Ng5 Nc5 23. Rh2 h6 24. Ne4 Nxe4 25. fxe4 Rf7 26. Rgg2 c6 27. Rf2 Raf8 28. Rxf7 Rxf7 29. dxc6 bxc6 30. Rd2 Rf6 31. Rd3 Kf7 32. Ra3 g5 33. hxg5 hxg5 34. Rxa5 g4 35. Ke2 Rf3 36. Ra7+ Ke6 37. Rg7 Rxg3 38. Kf2 Rf3+ 39. Kg2 Rf4 40. b3 Rxe4 41. a4 Re3 42. Rb7 Rf3 43. a5 e4 44. a6 Rf8 45. a7 Ra8 46. b4 e3 47. b5 cxb5 48. cxb5 e2 49. Kf2 Rf8+ 50. Kxe2 g3 51. Rg7 Rf2+ 52. Ke1 Ra2 53. Kf1 g2+ 54. Kg1 Kf6 55. Rb7 d5 56. b6 d4 57. Rd7 Ke5 58. b7 Rxa7 59. b8Q+ 1-0

[Event "GER-ch U25-B"]
[Site "Willingen"]
[Date "2016.05.18"]
[Round "6"]
[White "Wu, Erik"]
[Black "Haase, Dominik"]
[Result "1-0"]
[WhiteElo "1462"]
[BlackElo "1491"]
[PlyCount "39"]
[EventDate "2016.05.15"]
[EventType "swiss"]
[EventRounds "9"]
[EventCountry "GER"]
[SourceTitle "CBM 172 Extra"]
[Source "ChessBase"]
[SourceDate "2016.06.21"]
[SourceVersion "1"]
[SourceVersionDate "2016.06.21"]
[SourceQuality "1"]

1. e4 e6 2. d4 d5 3. exd5 exd5 4. c4 Nf6 5. Nc3 Be7 6. Nf3 Bf5 7. Bd3 Bg6 8. 0-0 Nc6 9. Re1 Bxd3 10. Qxd3 Nb4 11. Qd1 dxc4 12. Qa4+ Nc6 13. d5 Nxd5 14. Rd1 0-0 15. Nxd5 Bd6 16. Qxc4 Ne5 17. Nxe5 Bxe5 18. Bf4 Bxf4 19. Qxf4 c6 20. Nc7 1-0

[Event "GER-chT Lands U20"]
[Site "Hannover"]
[Date "2015.10.07"]
[Round "7.2"]
[White "Haase, Dominik"]
[Black "Schnabel, Bennett"]
[Result "1/2-1/2"]
[WhiteElo "1489"]
[BlackElo "2025"]
[PlyCount "75"]
[EventDate "2015.10.03"]
[EventType "team-swiss"]
[EventRounds "7"]
[EventCountry "GER"]
[SourceTitle "EXT 2017"]
[Source "ChessBase"]
[SourceDate "2016.10.25"]
[SourceVersion "1"]
[SourceVersionDate "2016.10.25"]
[SourceQuality "1"]
[WhiteTeam "Saarland (U20)"]
[BlackTeam "Berlin (U20)"]
[WhiteTeamCountry "GER"]
[BlackTeamCountry "GER"]

1. d4 d5 2. c4 e6 3. Nc3 c6 4. Bf4 dxc4 5. e4 b5 6. Nf3 Nf6 7. Be2 Be7 8. Qc2 a6 9. 0-0 0-0 10. b3 Bb4 11. Bg5 Bxc3 12. Bxf6 Qa5 13. Rac1 gxf6 14. Qxc3 Qxa2 15. Nd2 Qa3 16. Qg3+ Kh8 17. Qh4 Nd7 18. e5 f5 19. bxc4 Rg8 20. Bh5 Qf8 21. c5 Qd8 22. Qxd8 Rxd8 23. Ra1 Nxe5 24. dxe5 Rxd2 25. Bxf7 Kg7 26. Bh5 Rd5 27. Rfc1 Bb7 28. f4 Rad8 29. Bf3 Rd2 30. Rd1 Rxd1+ 31. Rxd1 Rxd1+ 32. Bxd1 a5 33. Kf2 a4 34. Ke2 Kf7 35. Kd3 Ke7 36. Kc3 Kd7 37. Kb4 Kc7 38. Bh5 1/2-1/2

[Event "GER-ch U16"]
[Site "Willingen"]
[Date "2015.05.28"]
[Round "7"]
[White "Nothnagel, Marian Can"]
[Black "Haase, Dominik"]
[Result "1-0"]
[WhiteElo "1962"]
[BlackElo "1487"]
[PlyCount "47"]
[EventDate "2015.05.24"]
[EventType "swiss"]
[EventRounds "9"]
[EventCountry "GER"]
[SourceTitle "CBM 166 Extra"]
[Source "ChessBase"]
[SourceDate "2015.06.18"]
[SourceVersion "1"]
[SourceVersionDate "2015.06.18"]
[SourceQuality "1"]

1. e4 e5 2. Nf3 d6 3. d4 exd4 4. Nxd4 Nf6 5. Nc3 Be7 6. Bf4 Nbd7 7. Qd2 0-0 8. 0-0-0 Re8 9. f3 Bf8 10. g4 Ne5 11. Be2 c6 12. g5 Nh5 13. Be3 g6 14. Rdg1 Ng7 15. f4 Nd7 16. h4 Nc5 17. Bf3 Qe7 18. h5 d5 19. hxg6 fxg6 20. Qh2 Nge6 21. f5 Nxd4 22. Bxd4 Nxe4 23. Bxe4 dxe4 24. fxg6 1-0

[Event "GER-ch U16"]
[Site "Willingen"]
[Date "2015.05.27"]
[Round "6"]
[White "Haase, Dominik"]
[Black "Hartge, Gedeon"]
[Result "1/2-1/2"]
[WhiteElo "1487"]
[BlackElo "1973"]
[PlyCount "51"]
[EventDate "2015.05.24"]
[EventType "swiss"]
[EventRounds "9"]
[EventCountry "GER"]
[SourceTitle "CBM 166 Extra"]
[Source "ChessBase"]
[SourceDate "2015.06.18"]
[SourceVersion "1"]
[SourceVersionDate "2015.06.18"]
[SourceQuality "1"]

1. d4 Nf6 2. c4 c5 3. d5 b5 4. Qc2 g6 5. Nf3 d6 6. e4 Bg7 7. Bd3 0-0 8. 0-0 bxc4 9. Bxc4 Ba6 10. Nbd2 Qc7 11. Re1 Nfd7 12. Rb1 Bxc4 13. Nxc4 a5 14. Bf4 Nb6 15. e5 Nxc4 16. Qxc4 Nd7 17. exd6 exd6 18. Re7 Bf6 19. Re2 Rab8 20. Bh6 Rfe8 21. b3 Nb6 22. Rxe8+ Rxe8 23. Qb5 Rd8 24. Re1 Nd7 25. g3 Bg7 26. Bxg7 1/2-1/2

[Event "Saarland-ch B 89th"]
[Site "Stennweiler"]
[Date "2014.04.15"]
[Round "5"]
[White "Haase, Dominik"]
[Black "Lauer, Lars"]
[Result "1-0"]
[WhiteElo "1273"]
[BlackElo "995"]
[PlyCount "25"]
[EventDate "2014.04.11"]
[EventType "swiss"]
[EventRounds "9"]
[EventCountry "GER"]
[SourceTitle "EXT 2016"]
[Source "ChessBase"]
[SourceDate "2015.10.08"]
[SourceVersion "1"]
[SourceVersionDate "2015.10.08"]
[SourceQuality "1"]

1. d4 d5 2. c4 e6 3. Nc3 Nf6 4. Bf4 Bd6 5. Bg3 Bxg3 6. hxg3 Nc6 7. Nf3 Qe7 8. a3 Bd7 9. e3 0-0 10. Qc2 a6 11. cxd5 exd5 12. Nxd5 Nxd5 13. Qxh7# 1-0

[Event "Saarland-ch B 89th"]
[Site "Stennweiler"]
[Date "2014.04.14"]
[Round "4"]
[White "Christmann, Walter"]
[Black "Haase, Dominik"]
[Result "0-1"]
[WhiteElo "1268"]
[BlackElo "1273"]
[PlyCount "78"]
[EventDate "2014.04.11"]
[EventType "swiss"]
[EventRounds "9"]
[EventCountry "GER"]
[SourceTitle "EXT 2016"]
[Source "ChessBase"]
[SourceDate "2015.10.08"]
[SourceVersion "1"]
[SourceVersionDate "2015.10.08"]
[SourceQuality "1"]

1. e4 e5 2. Nf3 Nc6 3. Nc3 Nf6 4. Bc4 Bc5 5. d3 d6 6. Bg5 Be6 7. Nd5 Bxd5 8. Bxd5 0-0 9. 0-0 Rb8 10. a4 Qe7 11. c3 a6 12. Nh4 Rbe8 13. Qf3 Nb8 14. Bxf6 Qxf6 15. Qxf6 gxf6 16. Bxb7 c6 17. b4 Bb6 18. b5 a5 19. Nf5 cxb5 20. axb5 Rd8 21. Ne7+ Kg7 22. Nd5 Nd7 23. Bc6 Bc5 24. Rxa5 Nb6 25. Nxb6 Bxb6 26. Ra6 Rb8 27. c4 Rfd8 28. g3 Kg6 29. Bd5 Rd7 30. Kg2 h6 31. f4 h5 32. fxe5 fxe5 33. Rf5 f6 34. Ra1 Rf8 35. Raf1 Ra7 36. R1f3 Ra2+ 37. Kh3 Bg1 38. g4 Rxh2+ 39. Kg3 h4# 0-1